Cranial Nerves for Beginners - Statistics

General Stats
  • This quiz has been taken 32 times
  • The average score is 10 of 12
Answer Stats
Question Answer % Correct
Cranial Nerve I Olfactory
100%
Cranial Nerve IX Glossopharyngeal
95%
Cranial Nerve II Optic
95%
Cranial Nerve X Vagus
95%
Cranial Nerve XII Hypoglossal
90%
Cranial Nerve XI Accessory
86%
Cranial Nerve VII Facial
86%
Cranial Nerve III Oculomotor
76%
Cranial Nerve V Trigeminal
76%
Cranial Nerve VIII Vestibulocochlear
76%
Cranial Nerve VI Abducens
71%
Cranial Nerve IV Trochlear
71%
No matching quizzes found
Score Distribution
Percent of People with Each Score
Percentile by Number Answered
Your Score History
You have not taken this quiz